The Kite Runner (Record no. 10995)
[ view plain ]
| 000 -LEADER | |
|---|---|
| fixed length control field | 00476 a2200157 4500 |
| 020 ## - INTERNATIONAL STANDARD BOOK NUMBER | |
| International Standard Book Number | 9780747566533 |
| 082 ## - DEWEY DECIMAL CLASSIFICATION NUMBER | |
| Classification number | 813.6 |
| 090 ## - LOCALLY ASSIGNED LC-TYPE CALL NUMBER (OCLC); LOCAL CALL NUMBER (RLIN) | |
| -- | 7192 |
| -- | 7192 |
| 100 ## - MAIN ENTRY--PERSONAL NAME | |
| Personal name | Hosseini, Khaled |
| 245 ## - TITLE STATEMENT | |
| Title | The Kite Runner |
| Statement of responsibility, etc. | Hosseini, Khaled |
| 260 ## - PUBLICATION, DISTRIBUTION, ETC. | |
| Place of publication, distribution, etc. | UK |
| Name of publisher, distributor, etc. | Bloombury Publishing |
| Date of publication, distribution, etc. | 2003 |
| 300 ## - PHYSICAL DESCRIPTION | |
| Extent | viii, 324 p. |
| Dimensions | 22 cm. |
| 500 ## - GENERAL NOTE | |
| General note | Includes bibliographical references and index. |
| 650 ## - SUBJECT ADDED ENTRY--TOPICAL TERM | |
| Topical term or geographic name entry element | 1. Hosseini, Khaled. Kite runner. 2. Afghanistan --In literature. |
| 942 ## - ADDED ENTRY ELEMENTS (KOHA) | |
| Koha item type | Book |
| Call number prefix | 813.6 HOS |
| Withdrawn status | Lost status | Damaged status | Not for loan | Collection code | Permanent Location | Current Location | Shelving location | Date acquired | Source of acquisition | Cost, normal purchase price | Total Checkouts | Total Renewals | Full call number | Barcode | Checked out | Date last seen | Date last checked out | Price effective from | Koha item type |
|---|---|---|---|---|---|---|---|---|---|---|---|---|---|---|---|---|---|---|---|
| Central Library (CL) | Central Library (CL) | General Stacks | 07/12/2012 | Saeed Book Bank | 716.00 | 11 | 5 | 813.6 HOS | SEECS011357 | 04/06/2026 | 12/15/2025 | 11/14/2025 | 01/05/2017 | Book |
